<?xml version="1.0" encoding="UTF-8"?>
<record
    xmlns:xsi="http://www.w3.org/2001/XMLSchema-instance"
    xsi:schemaLocation="http://www.loc.gov/MARC21/slim http://www.loc.gov/standards/marcxml/schema/MARC21slim.xsd"
    xmlns="http://www.loc.gov/MARC21/slim">

  <leader>00602nam a22001817a 4500</leader>
  <controlfield tag="001">2717</controlfield>
  <controlfield tag="003">HMS</controlfield>
  <controlfield tag="005">20250901115618.0</controlfield>
  <controlfield tag="008">250901b        cl ||||| |||| 00| 0 spa d</controlfield>
  <datafield tag="040" ind1=" " ind2=" ">
    <subfield code="a">hms</subfield>
    <subfield code="b">eng</subfield>
    <subfield code="c">hms</subfield>
  </datafield>
  <datafield tag="050" ind1="0" ind2="4">
    <subfield code="a">WV21</subfield>
    <subfield code="b">O884</subfield>
  </datafield>
  <datafield tag="245" ind1="0" ind2="0">
    <subfield code="a">Apuntes :</subfield>
    <subfield code="b">The Otolaryngologic Clinics of North America /</subfield>
    <subfield code="h">[revista]</subfield>
    <subfield code="n">Volumen 36 Number 2 April 2003</subfield>
  </datafield>
  <datafield tag="260" ind1=" " ind2=" ">
    <subfield code="a">Filadelfia: </subfield>
    <subfield code="b">W. B. Saunders, </subfield>
    <subfield code="b">Elsevier Science,</subfield>
    <subfield code="c">1968-</subfield>
  </datafield>
  <datafield tag="300" ind1=" " ind2=" ">
    <subfield code="a">Vol.</subfield>
  </datafield>
  <datafield tag="500" ind1=" " ind2=" ">
    <subfield code="a">Tinnitus : Advances in Evaluation and Management </subfield>
  </datafield>
  <datafield tag="650" ind1=" " ind2="7">
    <subfield code="a">OTOLARINGOLOGIA </subfield>
    <subfield code="v">PUBLICACIONES PERIODICAS.</subfield>
    <subfield code="9">4113</subfield>
  </datafield>
  <datafield tag="942" ind1=" " ind2=" ">
    <subfield code="2">lcc</subfield>
    <subfield code="c">COL. RES.</subfield>
    <subfield code="n">0</subfield>
  </datafield>
  <datafield tag="999" ind1=" " ind2=" ">
    <subfield code="c">2717</subfield>
    <subfield code="d">2717</subfield>
  </datafield>
  <datafield tag="952" ind1=" " ind2=" ">
    <subfield code="0">0</subfield>
    <subfield code="1">0</subfield>
    <subfield code="2">lcc</subfield>
    <subfield code="4">0</subfield>
    <subfield code="7">0</subfield>
    <subfield code="8">Col. Res.</subfield>
    <subfield code="a">BHMS</subfield>
    <subfield code="b">BHMS</subfield>
    <subfield code="c">Full Space</subfield>
    <subfield code="d">2025-09-01</subfield>
    <subfield code="i">001915</subfield>
    <subfield code="l">0</subfield>
    <subfield code="o">WV21 O884 2003</subfield>
    <subfield code="p">001915</subfield>
    <subfield code="r">2025-09-01 10:06:00</subfield>
    <subfield code="t">c.1</subfield>
    <subfield code="w">2025-09-01</subfield>
    <subfield code="y">CR</subfield>
  </datafield>
</record>
